Statistics for States With the Fewest Counties

Click here to take the quiz!

General Stats

  • This quiz has been taken 24 times
  • The average score is 13 of 15

Answer Stats

NumberState% Correct
3Delaware
100%
10New Hampshire
100%
5Rhode Island
100%
8Connecticut
95%
16Maine
95%
14Vermont
95%
27Alaska
90%
24Maryland
90%
5Hawaii
85%
21New Jersey
85%
14Massachusetts
80%
29Utah
70%
15Arizona
65%
23Wyoming
65%
17Nevada
55%

Score Distribution

Percentile by Number Answered

Percent of People with Each Score

Your Score History

You have not taken this quiz